[Event "German Masters 2021"]
[Site "Magdeburg"]
[Date "2021.07.31"]
[Round "9.5"]
[White "Graf, Alexander"]
[Black "Engel, Luis"]
[Result "1/2-1/2"]
[WhiteElo "2569"]
[BlackElo "2543"]
[Annotator "ChessBase"]
[PlyCount "170"]
[EventDate "2021.07.23"]
[EventType "tourn"]
[EventCountry "GER"]
[SourceTitle "playchess.com"]
[Source "ChessBase"]
[SourceQuality "1"]
[TimeControl "40/5400+30:1800+30"]

1. d4 {[%emt 0:00:06]} Nf6 {[%emt 0:00:07]} 2. c4 {[%emt 0:00:08]} e6 {[%emt 0:00:05]} 3. Nf3 {[%emt 0:00:10]} d5 {[%emt 0:00:07]} 4. g3 {[%emt 0:00:09]} dxc4 {[%emt 0:00:06]} 5. Qa4+ {[%emt 0:00:17]} Nbd7 {[%emt 0:02:07]} 6. Bg2 {[%emt 0:00:10]} a6 {[%emt 0:03:23]} 7. Qxc4 {[%emt 0:03:34]} b5 {[%emt 0:00:24]} 8. Qc6 {[%emt 0:00:10]} Rb8 {[%emt 0:01:54]} 9. Bf4 {[%emt 0:00:10]} Bb7 {[%emt 0:08:11]} 10. Qxc7 {[%emt 0:01:53]} Qxc7 {[%emt 0:08:18]} 11. Bxc7 {[%emt 0:00:10]} Rc8 {[%emt 0:00:03]} 12. Ba5 {[%emt 0:02:13]} Rc1+ {[%emt 0:08:12]} 13. Kd2 {[%emt 0:00:10]} Rc4 {[%emt 0:00:10]} 14. b3 {[%emt 0:08:24]} Bxf3 {[%emt 0:08:49]} 15. Bxf3 {[%emt 0:01:24]} Rxd4+ {[%emt 0:00:09]} 16. Kc2 {[%emt 0:00:37]} e5 {[%emt 0:13:51]} 17. Nc3 {[%emt 0:06:07]} Bc5 {[%emt 0:02:46]} 18. e3 {[%emt 0:10:32]} Rd6 {[%emt 0:00:07]} 19. Rhd1 {[%emt 0:08:14]} Ke7 {[%emt 0:01:48]} 20. b4 {[%emt 0:07:16]} Rxd1 {[%emt 0:08:06]} 21. Rxd1 {[%emt 0:04:01]} Bd6 {[%emt 0:00:08]} 22. Bb7 {[%emt 0:00:38]} Nb8 {[%emt 0:00:31]} 23. h3 {[%emt 0:01:41]} Ke6 {[%emt 0:03:56]} 24. Kb3 {[%emt 0:00:20]} h5 {[%emt 0:03:03]} 25. a4 {[%emt 0:00:31]} bxa4+ {[%emt 0:00:43]} 26. Nxa4 {[%emt 0:01:28]} h4 {[%emt 0:05:45]} 27. g4 {[%emt 0:01:08]} Nbd7 {[%emt 0:01:26]} 28. Bxa6 {[%emt 0:03:55]} Ne4 {[%emt 0:00:39]} 29. Bc4+ {[%emt 0:01:09]} Ke7 {[%emt 0:00:09]} 30. Nc3 {[%emt 0:01:08]} Ndf6 {[%emt 0:01:41]} 31. Nxe4 {[%emt 0:03:56]} Nxe4 {[%emt 0:00:05]} 32. Bd5 {[%emt 0:00:21]} Ng5 {[%emt 0:01:05]} 33. Bg2 {[%emt 0:01:13]} Rb8 {[%emt 0:01:23]} 34. Rc1 {[%emt 0:00:14]} g6 {[%emt 0:01:58]} 35. Ka4 {[%emt 0:00:32]} f5 {[%emt 0:00:32]} 36. b5 {[%emt 0:02:47]} fxg4 {[%emt 0:00:51]} 37. hxg4 {[%emt 0:00:07]} h3 {[%emt 0:01:30]} 38. Bh1 {[%emt 0:01:04]} Ne6 {[%emt 0:02:40]} 39. b6 {[%emt 0:02:01]} Nc5+ {[%emt 0:05:16]} 40. Kb5 {[%emt 0:00:31]} Nb3 {[%emt 0:03:49]} 41. Rc2 {[%emt 0:34:46]} Nxa5 {[%emt 0:31:41]} 42. Kxa5 {[%emt 0:00:09]} h2 {[%emt 0:00:00]} 43. b7 {[%emt 0:00:00]} Kd7 {[%emt 0:00:00]} 44. Kb6 {[%emt 0:00:00]} Rd8 {[%emt 0:00:00]} 45. g5 {[%emt 0:00:00]} Bb8 {[%emt 0:00:00]} 46. Rd2+ {[%emt 0:00:00]} Ke7 {[%emt 0:00:00]} 47. Rxd8 {[%emt 0:00:00]} Kxd8 {[%emt 0:00:00]} 48. Kb5 {[%emt 0:00:00]} Bd6 {[%emt 0:00:00]} 49. Kc6 {[%emt 0:02:03]} Ke7 {[%emt 0:00:00]} 50. Kd5 {[%emt 0:00:34]} Kd7 {[%emt 0:00:00]} 51. Be4 {[%emt 0:01:34]} Ke7 {[%emt 0:00:00]} 52. Kc4 {[%emt 0:01:12]} Kd7 {[%emt 0:00:00]} 53. Kd5 {[%emt 0:06:12]} Ke7 {[%emt 0:00:00]} 54. Bh1 {[%emt 0:02:41]} Kd7 {[%emt 0:00:00]} 55. Bg2 {[%emt 0:00:02]} Ke7 {[%emt 0:00:00]} 56. Ke4 {[%emt 0:00:22]} Ke6 {[%emt 0:00:00]} 57. Kd3 {[%emt 0:03:52]} Kf5 {[%emt 0:00:00]} 58. Be4+ {[%emt 0:00:30]} Kxg5 {[%emt 0:00:00]} 59. Ke2 {[%emt 0:00:06]} Kh4 {[%emt 0:00:00]} 60. Kf1 {[%emt 0:00:14]} Kh3 {[%emt 0:00:00]} 61. Bg2+ {[%emt 0:00:17]} Kg4 {[%emt 0:00:00]} 62. Bc6 {[%emt 0:02:39]} Kh3 {[%emt 0:00:00]} 63. Bd7+ {[%emt 0:00:06]} Kh4 {[%emt 0:00:00]} 64. Kg2 {[%emt 0:00:11]} g5 {[%emt 0:00:42]} 65. Kxh2 {[%emt 0:00:36]} g4 {[%emt 0:00:09]} 66. Kg2 {[%emt 0:00:22]} Bb8 {[%emt 0:00:47]} 67. Kf1 {[%emt 0:04:13]} g3 {[%emt 0:01:15]} 68. fxg3+ {[%emt 0:00:57]} Kxg3 {[%emt 0:00:06]} 69. Ke2 {[%emt 0:00:04]} Kh4 {[%emt 0:00:13]} 70. Kd3 {[%emt 0:00:17]} Kg5 {[%emt 0:00:06]} 71. e4 {[%emt 0:01:21]} Kf6 {[%emt 0:00:10]} 72. Kc4 {[%emt 0:00:02]} Ke7 {[%emt 0:00:09]} 73. Bf5 {[%emt 0:01:15]} Kd6 {[%emt 0:00:07]} 74. Kb5 {[%emt 0:00:02]} Kc7 {[%emt 0:00:31]} 75. Ka6 {[%emt 0:01:03]} Kc6 {[%emt 0:00:12]} 76. Be6 {[%emt 0:00:09]} Kd6 {[%emt 0:00:32]} 77. Bb3 {[%emt 0:00:33]} Kc6 {[%emt 0:00:18]} 78. Bf7 {[%emt 0:00:02]} Kc5 {[%emt 0:00:21]} 79. Bd5 {[%emt 0:00:02]} Kd6 {[%emt 0:00:10]} 80. Kb6 {[%emt 0:00:01]} Kd7 {[%emt 0:00:20]} 81. Bc4 {[%emt 0:00:29]} Kd6 {[%emt 0:00:11]} 82. Bf1 {[%emt 0:00:43]} Kd7 {[%emt 0:00:08]} 83. Bh3+ {[%emt 0:00:13]} Kd6 {[%emt 0:00:08]} 84. Bf5 {[%emt 0:00:07]} Ke7 {[%emt 0:00:08]} 85. Kc6 {[%emt 0:00:21]} Bd6 1/2-1/2